Personnel human resource management : A diagnostic approach
"Human Resource Management, Eighth Edition", continues to present both the theoretical and practical aspects of HRM. The theoretical material is presented throughout the text and highlighted via a marginal glossary. The practical aspects of HRM are presented through lively and pedagogicall...
Salvato in:
| Autore principale: | |
|---|---|
| Natura: | Libro |
| Lingua: | Undetermined |
| Pubblicazione: |
Plano, Texas
Business Publications
1988
|
| Soggetti: | |
| Tags: |
Aggiungi Tag
Nessun Tag, puoi essere il primo ad aggiungerne! !
|
| Thư viện lưu trữ: | Trung tâm Học liệu Trường Đại học Cần Thơ |
|---|
| LEADER | 01130nam a2200205Ia 4500 | ||
|---|---|---|---|
| 001 | CTU_43033 | ||
| 008 | 210402s9999 xx 000 0 und d | ||
| 082 | |a 658.3 | ||
| 082 | |b M645 | ||
| 100 | |a Milkovich, George T. | ||
| 245 | 0 | |a Personnel human resource management : | |
| 245 | 2 | |b A diagnostic approach | |
| 245 | 0 | |c George T Milkovich, John W Boudreau | |
| 260 | |a Plano, Texas | ||
| 260 | |b Business Publications | ||
| 260 | |c 1988 | ||
| 520 | |a "Human Resource Management, Eighth Edition", continues to present both the theoretical and practical aspects of HRM. The theoretical material is presented throughout the text and highlighted via a marginal glossary. The practical aspects of HRM are presented through lively and pedagogically effective examples woven throughout the text and in the end-of-chapter materials. The new edition reflects changes in the business world in general, and the HRM function within organizations, since the previous edition was published. | ||
| 650 | |a Personnel management,Quản trị nhân sự | ||
| 904 | |i Minh, Năm | ||
| 980 | |a Trung tâm Học liệu Trường Đại học Cần Thơ | ||